Normal view
MARC view
- Naimi, Sepehr.
Entry Personal Name
001 - CONTROL NUMBER
- control field: 18484
003 - CONTROL NUMBER IDENTIFIER
- control field: NUST
005 - DATE AND TIME OF LATEST TRANSACTION
- control field: 20190725053211.0
008 - FIXED-LENGTH DATA ELEMENTS
- fixed length control field: 190725|| aca||aabn | a|a d
040 ## - CATALOGING SOURCE
- Original cataloging agency: NUST
- Transcribing agency: NUST
100 ## - HEADING--PERSONAL NAME
- Personal name: Naimi, Sepehr.
670 ## - SOURCE DATA FOUND
- Source citation: Work cat.: (NUST)0: Mazidi, Muhammad Ali. 18480, The AVR microcontroller and embedded systems :, c2014.
